<?xml version="1.0" encoding="UTF-8"?><?xml-stylesheet type="text/xsl" href="static/style.xsl"?><OAI-PMH xmlns="http://www.openarchives.org/OAI/2.0/" xmlns:xsi="http://www.w3.org/2001/XMLSchema-instance" xsi:schemaLocation="http://www.openarchives.org/OAI/2.0/ http://www.openarchives.org/OAI/2.0/OAI-PMH.xsd"><responseDate>2026-06-01T01:18:22Z</responseDate><request verb="GetRecord" identifier="oai:riuma.uma.es:10630/30912" metadataPrefix="marc">https://riuma.uma.es/rest/oai/request</request><GetRecord><record><header><identifier>oai:riuma.uma.es:10630/30912</identifier><datestamp>2026-02-03T11:26:06Z</datestamp><setSpec>com_10630_2254</setSpec><setSpec>col_10630_37953</setSpec></header><metadata><record xmlns="http://www.loc.gov/MARC21/slim" xmlns:dcterms="http://purl.org/dc/terms/" xmlns:doc="http://www.lyncode.com/xoai" xmlns:xsi="http://www.w3.org/2001/XMLSchema-instance" xsi:schemaLocation="http://www.loc.gov/MARC21/slim http://www.loc.gov/standards/marcxml/schema/MARC21slim.xsd">
   <leader>00925njm 22002777a 4500</leader>
   <datafield ind2=" " ind1=" " tag="042">
      <subfield code="a">dc</subfield>
   </datafield>
   <datafield ind2=" " ind1=" " tag="720">
      <subfield code="a">Fernández-Ramírez, Marina</subfield>
      <subfield code="e">author</subfield>
   </datafield>
   <datafield ind2=" " ind1=" " tag="260">
      <subfield code="c">2024-03-26</subfield>
   </datafield>
   <datafield ind2=" " ind1=" " tag="520">
      <subfield code="a">La negociación colectiva representa hoy el centro neurálgico de las estrategias negociadas de adaptación ante los cambios, actuales y futuros, en la gobernanza del trabajo. En estos términos se manifiesta la Ley Orgánica 3/2018, de 5 de diciembre, de Protección de Datos Personales y garantía de los derechos digitales. Pensemos, que la utilización de las tecnologías digitales, &#xd;
su incidencia en las formas de trabajo, así como su impacto en las relaciones de carácter colectivo y en el empleo, están todavía por desplegarse en toda su dimensión dada la rapidez con la que se vienen implantando. Un fenómeno tan complejo no permite una enumeración cerrada de sus repercusiones y, mucho menos, de sus soluciones, pero si permite avanzar que la actuación de la autonomía colectiva en esta materia no va a resultar sencilla. Analizar críticamente los obstáculos de la negociación colectiva, en su función de asegurar la optimización de ventajas y oportunidades derivadas del uso de las nuevas tecnologías en el trabajo, es precisamente el propósito de este estudio.</subfield>
   </datafield>
   <datafield ind1="8" ind2=" " tag="024">
      <subfield code="a">La negociación colectiva ante la digitalización de las condiciones de trabajo. (2024). Revista Crítica De Relaciones De Trabajo, Laborum, 10, 101-122. https://revista.laborum.es/index.php/revreltra/article/view/929</subfield>
   </datafield>
   <datafield ind1="8" ind2=" " tag="024">
      <subfield code="a">https://revista.laborum.es/index.php/revreltra/article/view/929</subfield>
   </datafield>
   <datafield ind1="8" ind2=" " tag="024">
      <subfield code="a">https://hdl.handle.net/10630/30912</subfield>
   </datafield>
   <datafield tag="653" ind2=" " ind1=" ">
      <subfield code="a">Mercado de trabajo - Efectos de las innovaciones tecnológicas</subfield>
   </datafield>
   <datafield tag="653" ind2=" " ind1=" ">
      <subfield code="a">Derecho laboral</subfield>
   </datafield>
   <datafield ind2="0" ind1="0" tag="245">
      <subfield code="a">La negociación colectiva ante la digitalización de las condiciones de trabajo.</subfield>
   </datafield>
</record>
</metadata></record></GetRecord></OAI-PMH>